Cities at war in early modern Europe (Record no. 129704)

MARC details
000 -LEADER
fixed length control field 00901nam a2200265Ia 4500
008 - FIXED-LENGTH DATA ELEMENTS--GENERAL INFORMATION
fixed length control field 191130s2010##################000#0#eng##
020 ## - INTERNATIONAL STANDARD BOOK NUMBER
ISBN 9780521113441
082 ## - DEWEY DECIMAL CLASSIFICATION NUMBER
Classification number 307.76094 POL
100 ## - MAIN ENTRY--AUTHOR NAME
Personal name Pollak, Martha D
245 ## - TITLE STATEMENT
Title Cities at war in early modern Europe
Statement of responsibility, etc Martha Pollak
260 ## - PUBLICATION, DISTRIBUTION, ETC. (IMPRINT)
Place of publication Cambridge
Name of publisher Cambridge University Press
Year of publication 2010
300 ## - PHYSICAL DESCRIPTION
Number of Pages xv, 354 p. : ill., maps ; 29 cm
500 ## - GENERAL NOTE
General note Includes bibliographical references and index
650 ## - SUBJECT ADDED ENTRY--TOPICAL TERM
Topical Term Architecture - Europe - History
Topical Term Cities and towns - Europe - History
Topical Term City and town life - Europe - History
Topical Term City planning - Europe - History
Topical Term Europe - History, Military - 1492-1648
Topical Term Europe - History, Military - 1648-1789
991 ## -
-- 342172
Holdings
Withdrawn status Lost status Damaged status Not for loan Home library Current library Shelving location Date acquired Full call number Accession Number Price effective from Koha item type
        Anna Centenary Library Anna Centenary Library 3RD FLOOR, B WING 12.10.2020 307.76094 POL 329110 12.10.2020 English Books

Find us on the map